<?xml version="1.0" encoding="UTF-8"?>
<record
    xmlns:xsi="http://www.w3.org/2001/XMLSchema-instance"
    xsi:schemaLocation="http://www.loc.gov/MARC21/slim http://www.loc.gov/standards/marcxml/schema/MARC21slim.xsd"
    xmlns="http://www.loc.gov/MARC21/slim">

  <leader>01835Cam#a22003975a#4500</leader>
  <controlfield tag="005">20220224182331.0</controlfield>
  <controlfield tag="008">160702s2014||||ag ado j#f   #000|0#spa#d</controlfield>
  <datafield tag="020" ind1=" " ind2=" ">
    <subfield code="a">9789877310894</subfield>
  </datafield>
  <datafield tag="040" ind1=" " ind2=" ">
    <subfield code="a">AR-BeUNQ</subfield>
    <subfield code="b">spa</subfield>
  </datafield>
  <datafield tag="082" ind1="0" ind2="4">
    <subfield code="a">530.07</subfield>
    <subfield code="2">21</subfield>
  </datafield>
  <datafield tag="245" ind1="0" ind2="0">
    <subfield code="a">F&#xED;sica y qu&#xED;mica : </subfield>
    <subfield code="b">la materia: naturaleza corpuscular. Electricidad y magnetismo. Fuerzas y campos</subfield>
    <subfield code="c">bajo la direcci&#xF3;n editorial de Silvia Lanteri.</subfield>
  </datafield>
  <datafield tag="250" ind1=" " ind2=" ">
    <subfield code="a">1a. ed.</subfield>
  </datafield>
  <datafield tag="260" ind1=" " ind2=" ">
    <subfield code="a">Buenos Aires : </subfield>
    <subfield code="b">SM, </subfield>
    <subfield code="c">2014.</subfield>
  </datafield>
  <datafield tag="300" ind1=" " ind2=" ">
    <subfield code="a">199 p. : </subfield>
    <subfield code="b">il., fot., tablas, gr&#xE1;ficos ; </subfield>
    <subfield code="c">27 cm.</subfield>
  </datafield>
  <datafield tag="490" ind1="1" ind2=" ">
    <subfield code="a">Proyecto Nodos</subfield>
  </datafield>
  <datafield tag="505" ind1="0" ind2=" ">
    <subfield code="a">Introducci&#xF3;n. Conocimiento y ciencia -- Bloque 1. La naturaleza corpuscular de la materia -- Bloque 2. El car&#xE1;cter el&#xE9;ctrico de la materia -- Bloque 3. Magnetismo y materia -- Bloque 4. Fuerzas y campos</subfield>
  </datafield>
  <datafield tag="650" ind1=" " ind2="7">
    <subfield code="a">F&#xED;sica</subfield>
    <subfield code="2">spines</subfield>
  </datafield>
  <datafield tag="650" ind1=" " ind2="7">
    <subfield code="a">Qu&#xED;mica</subfield>
    <subfield code="2">spines</subfield>
  </datafield>
  <datafield tag="650" ind1=" " ind2="7">
    <subfield code="a">Estructura at&#xF3;mica</subfield>
    <subfield code="2">spines</subfield>
  </datafield>
  <datafield tag="650" ind1=" " ind2="7">
    <subfield code="a">Conocimiento</subfield>
    <subfield code="2">spines</subfield>
  </datafield>
  <datafield tag="650" ind1=" " ind2="7">
    <subfield code="a">Ciencia</subfield>
    <subfield code="2">spines</subfield>
  </datafield>
  <datafield tag="650" ind1=" " ind2="7">
    <subfield code="a">Materia (F&#xED;sica)</subfield>
    <subfield code="2">spines</subfield>
  </datafield>
  <datafield tag="650" ind1=" " ind2="7">
    <subfield code="a">Reacciones qu&#xED;micas</subfield>
    <subfield code="2">spines</subfield>
  </datafield>
  <datafield tag="650" ind1=" " ind2="7">
    <subfield code="a">Energ&#xED;a el&#xE9;ctrica</subfield>
    <subfield code="2">spines</subfield>
  </datafield>
  <datafield tag="650" ind1=" " ind2="7">
    <subfield code="a">Magnetismo</subfield>
    <subfield code="2">spines</subfield>
  </datafield>
  <datafield tag="650" ind1=" " ind2="7">
    <subfield code="a">Manuales</subfield>
    <subfield code="2">spines</subfield>
  </datafield>
  <datafield tag="650" ind1=" " ind2="7">
    <subfield code="a">Ense&#xF1;anza media</subfield>
    <subfield code="2">spines</subfield>
  </datafield>
  <datafield tag="700" ind1="1" ind2=" ">
    <subfield code="a">Lanteri, Silvia, </subfield>
    <subfield code="e">dir.</subfield>
    <subfield code="4">drt</subfield>
  </datafield>
  <datafield tag="830" ind1=" " ind2="0">
    <subfield code="a">Proyecto Nodos (SM).</subfield>
  </datafield>
  <datafield tag="929" ind1=" " ind2=" ">
    <subfield code="a">COMPRA</subfield>
    <subfield code="b">El Monje Libros</subfield>
    <subfield code="c">Compra 2015 Exp. 827-2158/15</subfield>
    <subfield code="d">220,50</subfield>
    <subfield code="e">20151229</subfield>
    <subfield code="f">PAT0063030</subfield>
    <subfield code="j">54782</subfield>
  </datafield>
  <datafield tag="929" ind1=" " ind2=" ">
    <subfield code="a">COMPRA</subfield>
    <subfield code="b">El Monje Libros</subfield>
    <subfield code="c">Compra 2015 Exp. 827-2158/15</subfield>
    <subfield code="d">220,50</subfield>
    <subfield code="e">20151229</subfield>
    <subfield code="f">PAT0063031</subfield>
    <subfield code="j">54783</subfield>
  </datafield>
  <datafield tag="929" ind1=" " ind2=" ">
    <subfield code="a">COMPRA</subfield>
    <subfield code="b">El Monje Libros</subfield>
    <subfield code="c">Compra 2015 Exp. 827-2158/15</subfield>
    <subfield code="d">220,50</subfield>
    <subfield code="e">20151229</subfield>
    <subfield code="f">PAT0063032</subfield>
    <subfield code="j">54784</subfield>
  </datafield>
  <datafield tag="929" ind1=" " ind2=" ">
    <subfield code="a">COMPRA</subfield>
    <subfield code="b">El Monje Libros</subfield>
    <subfield code="c">Compra 2015 Exp. 827-2158/15</subfield>
    <subfield code="d">220,50</subfield>
    <subfield code="e">20151229</subfield>
    <subfield code="f">PAT0063033</subfield>
    <subfield code="j">54785</subfield>
  </datafield>
  <datafield tag="929" ind1=" " ind2=" ">
    <subfield code="a">COMPRA</subfield>
    <subfield code="b">El Monje Libros</subfield>
    <subfield code="c">Compra 2015 Exp. 827-2158/15</subfield>
    <subfield code="d">220,50</subfield>
    <subfield code="e">20151229</subfield>
    <subfield code="f">PAT0063034</subfield>
    <subfield code="j">54786</subfield>
  </datafield>
  <datafield tag="942" ind1=" " ind2=" ">
    <subfield code="c">LIB</subfield>
    <subfield code="n">0</subfield>
  </datafield>
  <datafield tag="999" ind1=" " ind2=" ">
    <subfield code="c">115</subfield>
    <subfield code="d">115</subfield>
  </datafield>
  <datafield tag="952" ind1=" " ind2=" ">
    <subfield code="0">0</subfield>
    <subfield code="1">0</subfield>
    <subfield code="a">BIBESET</subfield>
    <subfield code="b">BIBESET</subfield>
    <subfield code="c">circulacion</subfield>
    <subfield code="d">2016-07-21</subfield>
    <subfield code="l">0</subfield>
    <subfield code="o">530.07 FIS</subfield>
    <subfield code="p">54782</subfield>
    <subfield code="r">2016-07-21</subfield>
    <subfield code="t">1</subfield>
    <subfield code="w">2016-07-21</subfield>
    <subfield code="y">LIB</subfield>
    <subfield code="k">CG</subfield>
  </datafield>
  <datafield tag="952" ind1=" " ind2=" ">
    <subfield code="0">0</subfield>
    <subfield code="1">0</subfield>
    <subfield code="a">BIBESET</subfield>
    <subfield code="b">BIBESET</subfield>
    <subfield code="c">circulacion</subfield>
    <subfield code="d">2016-07-21</subfield>
    <subfield code="l">0</subfield>
    <subfield code="o">530.07 FIS</subfield>
    <subfield code="p">54783</subfield>
    <subfield code="r">2016-07-21</subfield>
    <subfield code="t">2</subfield>
    <subfield code="w">2016-07-21</subfield>
    <subfield code="y">LIB</subfield>
    <subfield code="k">CG</subfield>
  </datafield>
  <datafield tag="952" ind1=" " ind2=" ">
    <subfield code="0">0</subfield>
    <subfield code="1">0</subfield>
    <subfield code="a">BIBESET</subfield>
    <subfield code="b">BIBESET</subfield>
    <subfield code="c">circulacion</subfield>
    <subfield code="d">2016-07-21</subfield>
    <subfield code="l">0</subfield>
    <subfield code="o">530.07 FIS</subfield>
    <subfield code="p">54784</subfield>
    <subfield code="r">2016-07-21</subfield>
    <subfield code="t">3</subfield>
    <subfield code="w">2016-07-21</subfield>
    <subfield code="y">LIB</subfield>
    <subfield code="k">CG</subfield>
  </datafield>
  <datafield tag="952" ind1=" " ind2=" ">
    <subfield code="0">0</subfield>
    <subfield code="1">0</subfield>
    <subfield code="a">BIBESET</subfield>
    <subfield code="b">BIBESET</subfield>
    <subfield code="c">circulacion</subfield>
    <subfield code="d">2016-07-21</subfield>
    <subfield code="l">0</subfield>
    <subfield code="o">530.07 FIS</subfield>
    <subfield code="p">54785</subfield>
    <subfield code="r">2016-07-21</subfield>
    <subfield code="t">4</subfield>
    <subfield code="w">2016-07-21</subfield>
    <subfield code="y">LIB</subfield>
    <subfield code="k">CG</subfield>
  </datafield>
  <datafield tag="952" ind1=" " ind2=" ">
    <subfield code="0">0</subfield>
    <subfield code="1">0</subfield>
    <subfield code="a">BIBESET</subfield>
    <subfield code="b">BIBESET</subfield>
    <subfield code="c">circulacion</subfield>
    <subfield code="d">2016-07-21</subfield>
    <subfield code="l">0</subfield>
    <subfield code="o">530.07 FIS</subfield>
    <subfield code="p">54786</subfield>
    <subfield code="r">2016-07-21</subfield>
    <subfield code="t">5</subfield>
    <subfield code="w">2016-07-21</subfield>
    <subfield code="y">LIB</subfield>
    <subfield code="k">CG</subfield>
  </datafield>
</record>
